Notre Dame Football: Top 10 All-Time Leaders - Statistics

General Stats
  • This quiz has been taken 20 times
  • The average score is 13 of 61
Answer Stats
Category # Player Amount % Correct
Rushing Yards 8 Jeremiyah Love 2,498
88%
Passing Yards 2 Ian Book 8,948
82%
Passing Yards 1 Brady Quinn 11,762
71%
Tackles 3 Manti Te'o 437
65%
Receiving Yards 6 Tim Brown 2,493
53%
Passing Yards 9 DeShone Kizer 5,809
47%
Receiving Yards 2 Golden Tate 2,707
47%
Receiving Yards 1 Michael Floyd 3,686
41%
Passing Yards 4 Tommy Rees 7,670
41%
Receiving Yards T4 Will Fuller 2,512
41%
Rushing Yards 1 Autry Denson 4,318
35%
Rushing Yards 9 Cierre Wood 2,447
35%
Rushing Yards 4 Darius Walker 3,249
35%
Passing Yards 3 Jimmy Clausen 8,148
35%
Passing Yards 8 Everett Golson 5,850
29%
Receiving Yards 3 Jeff Samardzija 2,593
29%
Rushing Yards 5 Josh Adams 3,198
29%
Rushing Yards 6 Julius Jones 3,018
29%
Passing Yards 5 Ron Powlus 7,602
29%
Receiving Yards 7 T.J. Jones 2,429
29%
Interceptions T3 Xavier Watts 13
29%
Rushing Yards 2 Allen Pinkett 4,131
24%
Sacks 1 Isaiah Foskey 26.5
24%
Passing Yards 7 Rick Mirer 5,997
24%
Receiving Yards 9 Rhema McKnight 2,277
18%
Interceptions T10 Todd Lyght 11
18%
Tackles 1 Bob Crable 521
12%
Tackles 2 Bob Golic 479
12%
Sacks 10 Bryant Young 18.0
12%
Receiving Yards T4 Derrick Mayes 2,512
12%
Passing Yards 10 Jarious Jackson 4,820
12%
Interceptions T3 Johnny Lattner 13
12%
Sacks 2 Justin Tuck 24.5
12%
Receiving Yards 10 Maurice Stovall 2,195
12%
Interceptions T3 Mike Townsend 13
12%
Sacks T7 Prince Shembo 19.5
12%
Passing Yards 6 Steve Beuerlein 6,527
12%
Tackles 10 Te'von Coney 314
12%
Receiving Yards 8 Thom Gatewood 2,283
12%
Tackles 5 Bob Olson 369
6%
Interceptions T3 Clarence Ellis 13
6%
Interceptions 9 Dave Duerson 12
6%
Rushing Yards 7 Jerome Heavens 2,682
6%
Interceptions T3 Joe Restic 13
6%
Sacks 3 Kory Minor 22.5
6%
Interceptions 1 Luther Bradley 17
6%
Tackles 9 Mark Zavagnin 332
6%
Sacks 6 Mike Gann 21.0
6%
Tackles 7 Mike Kovaleski 353
6%
Rushing Yards 10 Phil Carter 2,409
6%
Interceptions T3 Ralph Stepaniak 13
6%
Sacks T7 Renaldo Wynn 19.5
6%
Tackles 8 Ross Browner 340
6%
Sacks 9 Ryan Roberts 19.0
6%
Interceptions T10 Shane Walton 11
6%
Sacks T4 Stephon Tuitt 21.5
6%
Tackles 4 Steve Heimkreiter 398
6%
Interceptions 2 Tom MacDonald 15
6%
Tackles 6 Tony Furjanic 361
6%
Rushing Yards 3 Vargas Ferguson 3,472
6%
Sacks T4 Victor Abiamiri 21.5
6%
No matching quizzes found
Score Distribution
Percent of People with Each Score
Percentile by Number Answered
Your Score History
You have not taken this quiz